书目信息 |
| 题名: |
儿童语言发展引论
|
|
| 作者: | 福斯特科恩 著 | |
| 分册: | ||
| 出版信息: | 北京 外语教学与研究出版社 2002.07 |
|
| 页数: | 241页 | |
| 开本: | 22cm | |
| 丛书名: | ||
| 单 册: | ||
| 中图分类: | H003 | |
| 科图分类: | ||
| 主题词: | 语言学 | |
| 电子资源: | ||
| ISBN: | 7-5600-2894-2 | |
| 000 | 00571nam0 2200193 450 | |
| 001 | 0436511796 | |
| 005 | 20041129144911.65 | |
| 010 | @a7-5600-2894-2@dCNY 22.90 | |
| 100 | @a20041019d2002 km y0chiy0120 ea | |
| 101 | 0 | @achi |
| 102 | @aCN@b110000 | |
| 200 | 1 | @a儿童语言发展引论@Aer tong yu yan fa zhan yin lun@f(英)福斯特科恩著@F(ying)fu si te ke en zhu |
| 210 | @a北京@c外语教学与研究出版社@d2002.07 | |
| 215 | @a241页@d22cm | |
| 606 | 0 | @a语言学 |
| 690 | @aH003@v3 | |
| 701 | 0 | @a福斯特科恩@Afu si te ke en@4著 |
| 801 | 0 | @aCN@bPFT@c20041129 |
| 905 | @a10447@dH003@eF755 | |
| 儿童语言发展引论/(英)福斯特科恩著.-北京:外语教学与研究出版社,2002.07 |
| 241页;22cm |
| ISBN 7-5600-2894-2:CNY 22.90 |
| ● |
| 相关链接 |
|
|
|
正题名:儿童语言发展引论
索取号:H003/F755
 
预约/预借
| 序号 | 登录号 | 条形码 | 馆藏地/架位号 | 状态 | 备注 |
| 1 | 420767 | 204207679 | 外国语学院资料室/ [索取号:H003/F755] | 在馆 | |
| 2 | 427817 | 204278174 | 语言库209/209语言库 62排4列1层/ [索取号:H003/F755] | 在馆 | |
| 3 | 427818 | 204278183 | 语言库209/209语言库 62排4列1层/ [索取号:H003/F755] | 在馆 | |
| 4 | 427819 | 204278192 | 自科二线404/209语言库 62排4列1层/ [索取号:H003/F755] | 在馆 | |
| 5 | 427820 | 204278209 | 语言库209/209语言库 62排4列1层/ [索取号:H003/F755] | 在馆 | |
| 6 | 427821 | 204278218 | 语言库209/209语言库 66排3列1层/ [索取号:H003/F755] | 在馆 | |
| 7 | 427822 | 204278227 | 自科二线404/209语言库 62排4列1层/ [索取号:H003/F755] | 在馆 | |
| 8 | 427823 | 204278236 | 语言库209/209语言库 62排4列1层/ [索取号:H003/F755] | 在馆 | |
| 9 | 427824 | 204278245 | 自科二线404/209语言库 62排4列1层/ [索取号:H003/F755] | 在馆 | |
| 10 | 427825 | 204278254 | 自科二线404/209语言库 62排4列1层/ [索取号:H003/F755] | 在馆 | |
| 11 | 427826 | 204278263 | 语言库209/209语言库 62排4列1层/ [索取号:H003/F755] | 在馆 |